000 00552nmm a2200157Ia 4500
008 251105s9999||||xx |||||||||||||||||und||
020 _a9788431512002
041 _aspa
100 _aJurídico DVE, Equipo
245 0 _aLa comunidad de propietarios. Redacte usted mismo todas las actas de una comunidad de propietarios
264 _a[Madrid, España] :
_bDe Vecchi,
_c[Fecha de publicación no identificada]
300 _a0 páginas
650 _aNorth American narrative
856 _uhttps://public.digitaliapublishing.com/a/122761
942 _cCF
999 _c80927
_d80927